| 000 | 00667nam a2200217 a 4500 | ||
|---|---|---|---|
| 005 | 20240924063844.0 | ||
| 008 | 010704s1991 mx r 000 0 spa d | ||
| 020 | _a9682928494 | ||
| 035 | _aUPN01000109214 | ||
| 049 | _aSEP | ||
| 050 | 4 |
_aF1219.3 E3 _bG8.8 |
|
| 100 | 1 | _aGuzmán Gómez, Alba | |
| 245 | 1 | 0 |
_aVoces indígenas : _beducación bilingüe bicultural en México / _cAlba Guzmán Gómez. |
| 260 |
_aMéxico : _bCNCA : _bINI, _c1991. |
||
| 300 | _a159 p. | ||
| 440 | 0 |
_aPresencias ; _v38 |
|
| 650 | 4 |
_aIndígenas de México _xEducación _910 |
|
| 650 | 4 |
_aEducación bilingüe _zMéxico _915022 |
|
| 650 | 4 |
_aEducación intercultural _94812 |
|
| 905 | _aLibro | ||
| 999 |
_c83125 _d83125 |
||